000304311 001__ 304311
000304311 005__ 20240928181302.0
000304311 0247_ $$aG:(GEPRIS)438612878$$d438612878
000304311 035__ $$aG:(GEPRIS)438612878
000304311 040__ $$aGEPRIS$$chttp://gepris.its.kfa-juelich.de
000304311 150__ $$aLaser-Doppler-Scanning-Vibrometer$$y2020
000304311 371__ $$aProfessor Dr.-Ing. Bernd Gundelsweiler
000304311 450__ $$aDFG project G:(GEPRIS)438612878$$wd$$y2020
000304311 5101_ $$0I:(DE-588b)2007744-0$$aDeutsche Forschungsgemeinschaft$$bDFG
000304311 680__ $$aDas IKFF forscht auf dem Gebiet der Ultraschall-Piezoantriebe, die auf dem Prinzip des Stehwellenmotors beruhen. Die Bewegungsform der Reibkontaktspitze, die ein elliptische Trajektorie ausführt, soll auf Basis von Halbkugelgeometrien untersucht werden. Der Forschungsschwerpunkt liegt in der Entwicklung von multidimensionalen Resonatoren, die durch Variation des Piezo-Materials und durch Gemetrieoptimierung ein möglichst starkes Antriebssystem mit geringer Bauhöhe und dynamischem Fahrverhalten in XYPhi-Richtung zulassen. Die berührungslose Vermessung des Resonator-Reibstößels soll dabei mit dem beantragten Laser-Doppler-Scanning-Vibrometer durchgeführt werden.
000304311 909CO $$ooai:juser.fz-juelich.de:971054$$pauthority$$pauthority:GRANT
000304311 909CO $$ooai:juser.fz-juelich.de:971054
000304311 980__ $$aG
000304311 980__ $$aAUTHORITY